Bulharsko-český a česko-bulharský technický slovník

Guardado en:
Detalles Bibliográficos
Formato: Libro
Lenguaje:búlgaro
checo
Publicado: Praha Státní nakladatelství technické literatury 1988
Edición:1. vyd.
Etiquetas: Agregar Etiqueta
Sin Etiquetas, Sea el primero en etiquetar este registro!

MARC

LEADER 00000nam a2200000 4500
001 c033587
005 20250520074623.0
041 0 |a bul 
041 0 |a cze 
044 |a CZ 
245 1 0 |a Bulharsko-český a česko-bulharský technický slovník 
250 |a 1. vyd. 
264 1 |a Praha  |b Státní nakladatelství technické literatury  |c 1988 
300 |a 511 s.